MARC details
| 000 -CABECERA |
| campo de control de longitud fija |
00924cam a2200241 a 4500 |
| 001 - NÚMERO DE CONTROL |
| campo de control |
000008277 |
| 005 - FECHA Y HORA DE LA ÚLTIMA TRANSACCIÓN |
| campo de control |
20200929161324.0 |
| 008 - DATOS DE LONGITUD FIJA--INFORMACIÓN GENERAL |
| campo de control de longitud fija |
771031s1970 sp 000 j spa |
| 040 ## - FUENTE DE LA CATALOGACIÓN |
| Centro catalogador/agencia de origen |
DO-SdBNP |
| Centro/agencia transcriptor |
DLC |
| Centro/agencia modificador |
DLC |
| 082 ## - NÚMERO DE LA CLASIFICACIÓN DECIMAL DEWEY |
| Número de clasificación |
863.5 |
| Número de documento/Ítem |
P434l |
| 100 1# - ENTRADA PRINCIPAL--NOMBRE DE PERSONA |
| Nombre de persona |
Pereda, José María de, |
| Fechas asociadas al nombre |
1833-1906. |
| 9 (RLIN) |
22416 |
| 245 13 - MENCIÓN DE TÍTULO |
| Título |
La leva y otros cuentos. / |
| Mención de responsabilidad, etc. |
José María de pereda ; prólogo y notas de Laureano Bonet. |
| 260 ## - PUBLICACIÓN, DISTRIBUCIÓN, ETC. |
| Lugar de publicación, distribución, etc. |
Madrid, : |
| Nombre del editor, distribuidor, etc. |
Alianza, |
| Fecha de publicación, distribución, etc. |
1970. |
| 300 ## - DESCRIPCIÓN FÍSICA |
| Extensión |
241 p. ; |
| Dimensiones |
18 cm. |
| 490 1# - MENCIÓN DE SERIE |
| Mención de serie |
El Libro de bolsillo |
| Designación de volumen o secuencia |
253 |
| Mención de serie |
Literatura |
| 505 0# - NOTA DE CONTENIDO CON FORMATO |
| Nota de contenido con formato |
La leva.--El fin de una raza.--El raquero.--La buena gloria.--Las brujas.--A las Indias.--Blasones y talegas. |
| 650 #4 - PUNTO DE ACCESO ADICIONAL DE MATERIA--TÉRMINO DE MATERIA |
| Término de materia o nombre geográfico como elemento de entrada |
Cuentos españoles |
| 9 (RLIN) |
3194 |
| 650 #4 - PUNTO DE ACCESO ADICIONAL DE MATERIA--TÉRMINO DE MATERIA |
| Término de materia o nombre geográfico como elemento de entrada |
Literatura española |
| 9 (RLIN) |
632 |
| 650 #4 - PUNTO DE ACCESO ADICIONAL DE MATERIA--TÉRMINO DE MATERIA |
| Término de materia o nombre geográfico como elemento de entrada |
Costumbrismo |
| Subdivisión general |
Cuento |
| 9 (RLIN) |
22417 |
| 700 1# - PUNTO DE ACCESO ADICIONAL--NOMBRE DE PERSONA |
| Nombre de persona |
Bonet, Laureano, |
| Término indicativo de función/relación |
prol. |
| 9 (RLIN) |
22418 |
| 830 #3 - PUNTO DE ACCESO ADICIONAL DE SERIE-TÍTULO UNIFORME |
| Título uniforme |
El Libro de bolsillo ; |
| Designación de volumen o secuencia |
253 |
| Nombre de parte o sección de la obra |
Literatura. |
| 9 (RLIN) |
9165 |
| 910 ## - DATOS DE OPCIÓN DEL USUARIO (OCLC) |
| Datos de opción del usuario |
Catalogación por copia / LC |